| 000 | 01381nam a2200325 c 4500 | ||
|---|---|---|---|
| 003 | BLK | ||
| 005 | 20230627115150.0 | ||
| 008 | 180408b bul|||||r ||||||| ||bul|| | ||
| 010 | _aKNG00068286000 | ||
| 020 |
_a954-9772-33-0 _bиздат.: Факел експрес - (Факел експрес) |
||
| 020 |
_a954-491-211-8 _bиздат.: Жанет 45 - (Жанет 45) |
||
| 040 | _aBLK | ||
| 041 |
_aBUL _cBUL |
||
| 080 |
_aРуска литература _b821.161.1 _x-31 _z821.161.1-31 |
||
| 100 | 1 |
_aВойнович, Владимир Николаевич _eпърви автор _9269059 |
|
| 700 |
_a Тотоманов, Иван Димитров, 1953 - _9367882 |
||
| 139 |
_aВойнович, Владимир Николаевич _bВ 80 |
||
| 245 | 1 | 0 |
_aМонументалната пропаганда _bРоман _cВладимир Николаевич Войнович; прев. от рус. Иван Димитров Тотоманов. |
| 257 | _aRUS | ||
| 260 |
_аСофия ; Пловдив _bФакел експрес _bЖанет 45 _c2005 _fПловдив : Жанет 45 |
||
| 300 |
_a328 с. _c20 см |
||
| 380 | _aX | ||
| 490 | 1 |
_aНова проза _v4 |
|
| 852 | _aЦб 229283 | ||
| 856 | 4 |
_qpdf _u |
|
| 856 | 4 |
_qpdf _u |
|
| 942 |
_cKNG _n0 |
||
| 944 |
_aCR _c02.10.2006 _kГеновева_Генчева |
||
| 944 |
_aED _c05.10.2006 _k |
||
| 999 |
_c64021 _d64021 |
||